State electricity boards: An entourage for reforms (Record no. 525477)

000 -LEADER
fixed length control field 01754nam a22001577a 4500
008 - FIXED-LENGTH DATA ELEMENTS--GENERAL INFORMATION
fixed length control field 240306b ||||| |||| 00| 0 eng d
100 ## - MAIN ENTRY--PERSONAL NAME
Personal name Omprasad, Gadde
245 ## - TITLE STATEMENT
Title State electricity boards: An entourage for reforms
260 ## - PUBLICATION, DISTRIBUTION, ETC. (IMPRINT)
Place of publication, distribution, etc Bihar Journal of Public Administration
300 ## - PHYSICAL DESCRIPTION
Extent 20(2), Jul-Dec, 2023: p.260-270
520 ## - SUMMARY, ETC.
Summary, etc The power sector in India has a long history. At the time of independence India’s installed power generation capacity was 1362 MW catering bare minimum needs of only few sections of the society. The Industrial Policy Resolution 1948 emphasised on the importance of power sector and included it in the controlled private sector category. Since then efforts were made to increase the power generation activities and to reach the electricity to all over the country. As the country slowly progressed towards achieving self reliance in food grain production, industrial manufacturing activities and domestic household connections, there has been a substantial growth in power generation which recorded more than 388 GW by the end of 2020. In the process the power sector went through consistent reviews, policy changes based on the recommendations of various committees. There were many initiatives taken to address the institutional, infrastructural, financial issues of performance of State Electricity Boards as they played a crucial role in distributing the electricity to the various categories of consumers. The article attempted to look into the recommendations of various committees since 1970s to address the generatio. Reproduced


http://www.iipabiharbranch.org/
650 ## - SUBJECT ADDED ENTRY--TOPICAL TERM
Topical term or geographic name as entry element Power sector
9 (RLIN) 50252
773 ## - HOST ITEM ENTRY
Main entry heading Bihar Journal of Public Administration
906 ## - LOCAL DATA ELEMENT F, LDF (RLIN)
Subject DIP ELECTRICITY
942 ## - ADDED ENTRY ELEMENTS (KOHA)
Item type Articles
Holdings
Withdrawn status Lost status Source of classification or shelving scheme Damaged status Not for loan Permanent location Current location Date acquired Serial Enumeration / chronology Barcode Date last seen Koha item type
          Indian Institute of Public Administration Indian Institute of Public Administration 2024-03-06 20(2), Jul-Dec, 2023: p.260-270 AR131274 2024-03-06 Articles

Powered by Koha